| 000 | 00501nam a2200181Ia 4500 | ||
|---|---|---|---|
| 999 |
_c7909 _d7909 |
||
| 020 | _a9788131603932 | ||
| 082 | _a338.10954 BAT-T | ||
| 100 | _aBathla, Seema | ||
| 245 | 0 | _aTrade liberalization and Indian agriculture | |
| 260 |
_aJaipur _bRawat Publications _c2011 |
||
| 300 | _axxi, 282 | ||
| 504 | _aincludes bibliography and index | ||
| 650 | _aFree trade | ||
| 650 |
_aAgriculture _vIndia |
||
| 650 |
_aAgriculture _vEconomic aspects _vIndia |
||
| 650 |
_aTrade regulation _vIndia |
||
| 942 | _cBK | ||